| 000 | 00586nam a2200205Ia 4500 | ||
|---|---|---|---|
| 003 | IN-BaIIA | ||
| 008 | 211028s9999 xx 000 0 eng d | ||
| 040 | _cIIA Library | ||
| 080 |
_a621-229 _bGRA |
||
| 100 |
_aGrant, Hiram E. _913626 |
||
| 245 | 0 |
_aJigs and fixtures _cHiram E. Grant |
|
| 260 |
_aNew Delhi _bTata McGraw-Hill _c1967 |
||
| 300 | _a[various pagings.] | ||
| 650 |
_aClamps _913627 |
||
| 650 |
_aFixtures _913628 |
||
| 650 |
_aJigs _913629 |
||
| 650 |
_aMechanical devices _95415 |
||
| 650 | _aNASA thesaurus | ||
| 942 | _cBK | ||
| 999 |
_c8074 _d8074 |
||